| 000 | 00637nam a2200229Ia 4500 | ||
|---|---|---|---|
| 003 | OSt | ||
| 005 | 20220928125055.0 | ||
| 006 | a|||||r|||| 00| 0 | ||
| 007 | ta | ||
| 008 | 220927b |||||||| |||| 00| 0 eng d | ||
| 024 | _a52374 | ||
| 037 | _cTextual | ||
| 040 |
_aSDCL _cSDCL _beng |
||
| 041 |
_2eng _aeng |
||
| 082 | _aY:434.43515'N8, M6 | ||
| 100 |
_aJha S S _9467897 |
||
| 245 | 0 |
_aStructure of urban poverty _b The case of Bombay slums |
|
| 260 |
_aBombay _bPopular Prakashan _c1986 |
||
| 300 |
_axvii,184p _ccm. |
||
| 942 |
_hY:434.43515'N8, M6 _cTEXL _2CC |
||
| 999 |
_c780797 _d780797 |
||